Demi Lovato: Complete Discography - Statistics

General Stats
  • This quiz has been taken 126 times
    63 since last reset
  • The average score is 71 of 181
Answer Stats
Album Song % Correct
Unbroken Skyscraper
93%
Confident Confident
91%
Don't Forget Don't Forget
91%
Here We Go Again Here We Go Again
91%
Tell Me You Love Me Tell Me You Love Me
91%
Unbroken Unbroken
91%
Confident Cool For The Summer
88%
Demi Heart Attack
88%
Unbroken Give Your Heart A Break
86%
Tell Me You Love Me Sorry Not Sorry
86%
Confident Stone Cold
84%
Camp Rock This Is Me
84%
Don't Forget La La Land
81%
Dancing with the Devil... The Art of Starting Over Dancing With The Devil
79%
Demi Neon Lights
74%
Holy Fvck Holy Fvck
70%
Demi Really Don't Care
70%
Features | Here We Go Again Solo
70%
It's Not That Deep Fast
67%
Holy Fvck 29
63%
Demi Nightingale
63%
Confident Father
58%
Dancing with the Devil... The Art of Starting Over Met Him Last Night
58%
Here We Go Again Remember December
58%
Singles Sober
58%
Don't Forget Get Back
56%
It's Not That Deep Kiss
56%
Demi Made In The USA
56%
Tell Me You Love Me Ruin The Friendship
56%
Demi Warrior
56%
Unbroken All Night Long
53%
Unbroken For The Love Of A Daughter
53%
Tell Me You Love Me (Bonus) Instruction
53%
Confident Kingdom Come
53%
Confident Lionheart
53%
Dancing with the Devil... The Art of Starting Over The Art Of Starting Over
53%
Demi Two Pieces
53%
Don't Forget Two Worlds Collide
53%
Camp Rock 2: The Final Jam Wouldn't Change A thing
53%
Dancing with the Devil... The Art of Starting Over Anyone
51%
Tell Me You Love Me Daddy Issues
51%
Tell Me You Love Me Sexy Dirty Love
51%
Here We Go Again (Bonus) So Far So Great
51%
It's Not That Deep Here All Night
49%
Tell Me You Love Me Hitchhiker
49%
Dancing with the Devil... The Art of Starting Over (Bonus) I Love Me
49%
Holy Fvck Skin Of My Teeth
49%
Tell Me You Love Me (Bonus) Smoke & Mirrors
49%
Unbroken Who's That Boy
49%
Demi Fire Starter
47%
Tell Me You Love Me Games
47%
Dancing with the Devil... The Art of Starting Over ICU / Madison's Lullaby
47%
Dancing with the Devil... The Art of Starting Over Melon Cake
47%
Holy Fvck Substance
47%
Unbroken Fix A Heart
44%
Tell Me You Love Me Lonely
44%
Confident (Bonus) Mr. Hughes
44%
Tell Me You Love Me Only Forever
44%
Unbroken Together
44%
Camp Rock We Rock
44%
Demi Without The Love
44%
Unbroken You're My Only Shorty
44%
Camp Rock 2: The Final Jam Can't Back Down
42%
Unbroken Lightweight
42%
Features No Promises
42%
Confident Old Ways
42%
Don't Forget On The Line
42%
Demi Shouldn't Come Back
42%
Confident (Bonus) Stars
42%
Don't Forget Trainwreck
42%
Confident Wildfire
42%
Confident Yes
42%
Tell Me You Love Me You Don't Do It For Me Anymore
42%
Here We Go Again Catch Me
40%
Holy Fvck City Of Angels
40%
Tell Me You Love Me Concentrate
40%
Tell Me You Love Me Cry Baby
40%
Holy Fvck Eat Me
40%
Confident For You
40%
Holy Fvck Freak
40%
It's Not That Deep Frequency
40%
Unbroken My Love Is Like A Star
40%
Demi Something That We're Not
40%
Dancing with the Devil... The Art of Starting Over 15 Minutes
37%
Holy Fvck Bones
37%
Dancing with the Devil... The Art of Starting Over Butterfly
37%
It's Not That Deep Ghost
37%
Here We Go Again (Bonus) Gift Of A Friend
37%
Dancing with the Devil... The Art of Starting Over (Bonus) I'm Ready
37%
Unbroken In Real Life
37%
Demi Never Been Hurt
37%
Don't Forget Party
37%
Here We Go Again Quiet
37%
It's Not That Deep Sorry To Myself
37%
Holy Fvck 4 Ever 4 Me
35%
Here We Go Again Got Dynamite
35%
Holy Fvck Happy Ending
35%
Demi In Case
35%
Dancing with the Devil... The Art of Starting Over Intro
35%
Camp Rock 2: The Final Jam It's On
35%
Dancing with the Devil... The Art of Starting Over Mad World
35%
Dancing with the Devil... The Art of Starting Over (Bonus) Sunset
35%
Demi (Bonus) Up
35%
Confident Waitin For You
35%
Dancing with the Devil... The Art of Starting Over What Other People Say
35%
Dancing with the Devil... The Art of Starting Over Carefully
33%
Holy Fvck Dead Friends
33%
Dancing with the Devil... The Art of Starting Over Easy
33%
Here We Go Again Every Time You Lie
33%
Unbroken Hold Up
33%
Demi (Bonus) I Hate You, Don't Leave Me
33%
It's Not That Deep Let You Go
33%
Unbroken Mistake
33%
Duets / Collaborations One And The Same
33%
Here We Go Again Stop The World
33%
Dancing with the Devil... The Art of Starting Over The Kind Of Lover I Am
33%
Here We Go Again U Got Nothin' On Me
33%
Camp Rock Who Will I Be?
33%
Here We Go Again World Of Chances
33%
Don't Forget Believe In Me
30%
Dancing with the Devil... The Art of Starting Over California Sober
30%
Here We Go Again Everything You're Not
30%
Here We Go Again Falling Over Me
30%
Holy Fvck Heaven
30%
Dancing with the Devil... The Art of Starting Over Lonely People
30%
Dancing with the Devil... The Art of Starting Over My Girlfriends Are My Boyfriends
30%
Dancing with the Devil... The Art of Starting Over (Bonus) OK Not To Be OK
30%
Dancing with the Devil... The Art of Starting Over The Way You Don't Look At Me
30%
Holy Fvck Wasted
30%
Singles Body Say
28%
Camp Rock 2: The Final Jam Brand New Day
28%
Holy Fvck Feed
28%
Don't Forget Gonna Get Caught
28%
It's Not That Deep Little Bit
28%
Don't Forget The Middle
28%
Camp Rock 2: The Final Jam This Is Our Song
28%
Holy Fvck Come Together
26%
Dancing with the Devil... The Art of Starting Over Good Place
26%
Tell Me You Love Me (Bonus) Ready For Ya
26%
Don't Forget Until You're Mine
26%
Holy Fvck Help Me
23%
Duets / Collaborations Send It On
23%
Singles Still Have Me
23%
It's Not That Deep Before I Knew You
21%
It's Not That Deep Say It
21%
Don't Forget (Bonus) Back Around
19%
Don't Forget (Bonus) Behind Enemy Lines
19%
It's Not That Deep In My Head
19%
Features Monsters
19%
Camp Rock (Bonus) Our Time Is Here
19%
Unbroken (Bonus) Aftershock
16%
Features Somebody To You
16%
Singles Swine
16%
Unbroken (Bonus) Yes I Am
16%
Dancing with the Devil... The Art of Starting Over (Bonus) Gray
14%
Dancing with the Devil... The Art of Starting Over (Bonus) I'm Sorry
14%
Duets / Collaborations Make A Wave
14%
Singles Moves Me
14%
Soundtracks Still Alive
14%
Camp Rock 2: The Final Jam What We Came Here For
14%
Camp Rock 2: The Final Jam You're My Favorite Song
14%
Camp Rock 2: The Final Jam (Bonus) Different Summers
12%
Features I Believe
12%
Camp Rock 2: The Final Jam (Bonus) It's Not Too Late
12%
Soundtracks Me, Myself, And Time
12%
Features Breakdown
9%
Features Fuck It, I Miss You
9%
Duets / Collaborations Bounce
7%
Dancing with the Devil... The Art of Starting Over (Bonus) Change You
7%
Duets / Collaborations Chula
7%
Soundtracks Heart By Heart
7%
Features We'll Be A Dream
7%
Features Why Don’t You Love Me
7%
Features Eve, Psyche, & The Bluebeard's Wife
5%
Duets / Collaborations Let Me Down Easy
5%
Singles Unforgettable / Tommy's Song
5%
Features Without A Fight
5%
Soundtracks You'll Be OK, Kid
5%
Features Fall In Love
2%
Duets / Collaborations Penhasco2
2%
No matching quizzes found
Score Distribution
Percent of People with Each Score
Percentile by Number Answered
Your Score History
You have not taken this quiz since the last reset